El tráfico en los puertos : (Record no. 123620)

MARC details
000 -LEADER
campo de control de longitud fija 00929nam a2200229 i 4500
001 - NÚMERO DE CONTROL
campo de control 123620
003 - IDENTIFICADOR DE NÚMERO DE CONTROL
campo de control ES-MaACL
005 - FECHA Y HORA DE LA ÚLTIMA TRANSACCIÓN
campo de control 20250907063106.0
007 - CAMPO FIJO DE DESCRIPCIÓN FÍSICA--INFORMACIÓN GENERAL
campo de control de longitud fija t|
008 - DATOS DE LONGITUD FIJA--INFORMACIÓN GENERAL
campo de control de longitud fija 070214s1911 sp r ||||1| spa d
080 ## - NÚMERO DE LA CLASIFICACIÓN DECIMAL UNIVERSAL
Número de la Clasificación Decimal Universal 351.813.12(460)
100 1# - ENTRADA PRINCIPAL--NOMBRE DE PERSONA
Nombre de persona Rahola y Trémols, Federico,
Fechas asociadas al nombre 1858-1919
9 (RLIN) 95016
245 13 - MENCIÓN DEL TÍTULO
Título El tráfico en los puertos :
Resto del título operaciones de carga y descarga, régimen de las sociedades obreras y patronales, inmigración obrera, arbitrajes e intervención del Estado /
Mención de responsabilidad, etc. Federico Rahola.
260 ## - PUBLICACIÓN, DISTRIBUCIÓN, ETC.
Lugar de publicación, distribución, etc. Barcelona :
Nombre del editor, distribuidor, etc. Mercurio,
Fecha de publicación, distribución, etc. 1911.
300 ## - DESCRIPCIÓN FÍSICA
Extensión 15 p. ;
Dimensiones 25 cm.
594 ## - Nota al título y mención de responsabilidad
Nota al título y mención de responsabilidad Ponencia del tema 5º presentado en la Asamblea Marítima de Levante, reunida en Castellón.
595 ## -
-- Tirada aparte de "Mercurio"
650 #4 - PUNTO DE ACCESO ADICIONAL DE MATERIA--TÉRMINO DE MATERIA
Término de materia o nombre geográfico como elemento de entrada Puertos-
Subdivisión general Derecho-
Subdivisión geográfica España.
9 (RLIN) 156853
710 2# - ENTRADA AGREGADA--NOMBRE DE ENTIDAD CORPORATIVA
Nombre de entidad corporativa o nombre de jurisdicción como elemento de entrada Asamblea Marítima de Levante (Castellón)
9 (RLIN) 173471
852 ## - LOCALIZACIÓN
Ubicación ES-MaACL
Número de control de estantería T-1245-F-4
Holdings
Estatus retirado Estado de pérdida Estado de daño No para préstamo Colección Biblioteca de origen Biblioteca actual Ubicación en estantería Fecha de adquisición Fuente de adquisición Total de préstamos Signatura topográfica completa Código de barras Visto por última vez Precio de reemplazo Tipo de ítem Koha
        Colección de folletos Biblioteca del Ateneo de Madrid Biblioteca del Ateneo de Madrid Depósito folletos 17/01/2008     T-1245-F-4 1128797 23/02/2023 23/02/2023 Folleto